Normal view
MARC view
- Siegler,Robert.S , Alibali,Martha Wagner ،السمادوني، السيد ابراهيم/ترجمة
Entry Personal Name
001 - CONTROL NUMBER
- control field: 42725
003 - CONTROL NUMBER IDENTIFIER
- control field: JO-AjAnu
005 - DATE AND TIME OF LATEST TRANSACTION
- control field: 20230606081104.0
008 - FIXED-LENGTH DATA ELEMENTS
- fixed length control field: 230606|| aca||aabn | a|a d
040 ## - CATALOGING SOURCE
- Original cataloging agency: JO-AjAnu
- Transcribing agency: JO-AjAnu
100 ## - HEADING--PERSONAL NAME
- Personal name: Siegler,Robert.S , Alibali,Martha Wagner ،السمادوني، السيد ابراهيم/ترجمة
670 ## - SOURCE DATA FOUND
- Source citation: Work cat.: (JO-AjAnu)21884: Siegler,Robert.S , Alibali,Martha Wagner ،السمادوني، السيد ابراهيم/ترجمة, author, تفكير الأطفال =Children's Thinking